000 00361nam a2200145Ia 4500
008 240624s9999 xx 000 0 und d
041 _aeng
082 _a658.15 KHA
100 _aKHAN M Y
245 _aINDIAN FINANCIAL SYSTEM
250 _a(8th ed.)
260 _c2013
_aNew Delhi
_bTata McGraw-Hill
300 _axv, : 900 : p. : cm. ; 23
365 _cRS
_b27
999 _c21971
_d21971